Statistics for Arizona Cardinals: Pro Bowl Selections

Click here to take the quiz!

General Stats

  • This quiz has been taken 460 times
    (271 since last reset)
  • The average score is 21 of 121

Answer Stats

PositionAmount of SelectionsPlayer% Correct
QB2Kyler Murray
95%
QB1Carson Palmer
85%
WR11Larry Fitzgerald
85%
QB1Kurt Warner
81%
RB1David Johnson
75%
QB1Charley Johnson
72%
RB1Johnny Johnson
72%
CB7Patrick Peterson
66%
DE3Chandler Jones
65%
TE5Jackie Smith
64%
DE1Bill Smith
63%
WR1J.T. Smith
63%
WR1DeAndre Hopkins
60%
CB6Aeneas Williams
52%
WR3Anquan Boldin
51%
RB1James Conner
48%
CB6Budda Baker
46%
RB2Ottis Anderson
45%
QB4Jim Hart
42%
T1Lomas Brown
42%
CB5Adrian Wilson
40%
CB8Larry Wilson
40%
WR2Roy Green
33%
DE2Calais Campbell
32%
CB1Tyrann Mathieu
28%
T6Dan Dierdorf
26%
DT3Darnell Dockett
26%
WR1David Boston
26%
QB2Neil Lomax
26%
WR1Rob Moore
25%
DE1Simeon Rice
19%
C1Jack Simmons
17%
FB2Larry Centers
17%
RB1MacArthur Lane
17%
CB4Night Train Lane
17%
CB1Antrel Rolle
15%
K4Jim Bakken
14%
RB6Ollie Matson
13%
CB1Dominique Rodgers-Cromartie
12%
CB7Roger Wehrli
12%
RB2Charley Trippi
11%
G3Conrad Dobler
11%
G1Mike Iupati
11%
RB3Terry Metcalf
11%
DE1John Abraham
10%
CB1Antonio Cromartie
9%
RB1Jim Otis
9%
RB3John David Crow
9%
CB2Lindon Crow
9%
T3Luis Sharpe
9%
K1Neil Rackers
9%
DE1Bertrand Berry
8%
LB1Daryl Washington
8%
CB3Justin Bethel
8%
DE4Sonny Randle
8%
DT1Chuck Walker
7%
DT2Eric Swann
7%
G2Bob Young
6%
CB3Jimmy Hill
6%
G6Ken Gray
6%
WR4Mel Gray
6%
WR1Pat Tilley
6%
P4Rich Camarillo
6%
RB4Ron Wolfley
6%
T3Bill Fischer
5%
WR1Bobby Joe Conrad
5%
C3Bob DeMarco
5%
P1Jeff Feagles
5%
RB 1Jimmy Lawrence
5%
DE1Joe Robb
5%
RB1Johnny Bailey
5%
RB2Johnny Roland
5%
P1Scott Player
5%
CB3Tim McDonald
5%
C4Tom Banks
5%
RB2Vai Sikahema
5%
T3Bob Reynolds
4%
DE1Bob Shaw
4%
P1Carl Birdsong
4%
LB3Dale Meinert
4%
T4Ernie McMillan
4%
G2Irv Goode
4%
CB3Jerry Norton
4%
CB3Jerry Stovall
4%
LB1Larry Stallings
4%
RB1Marshall Goldberg
4%
CB1Robert Massey
4%
DT1Sam Silas
4%
WR1Sean Morey
4%
LB1Seth Joyner
4%
LB2Bill Koman
3%
LB1Bill Svoboda
3%
DE1Billy Dewell
3%
CB1Billy Stacy
3%
DE1Bob Dove
3%
DE1Don Brumm
3%
CB1Don Paul
3%
RB1Elmer Angsman
3%
DT1Frank Fuller
3%
DE1Fran Polsfoot
3%
LB1Fred Wallner
3%
DE1Gaynell Tinsley
3%
DE1Gern Nagler
3%
DT1Jerry Groom
3%
QB1Jim Hardy
3%
G1Joe Kuharich
3%
FB2Johnny Olszewski
3%
DE1John Shirk
3%
T1Ken Panfil
3%
C1Ki Aldrich
3%
DE2Leo Sugar
3%
FB1Pat Harder
3%
DE1Pop Ivy
3%
C1Ray Apolskis
3%
DE1Tom Wham
3%
T1Tony Blazine
3%
DT1Bob Rowe
2%
LB2E.J. Junior
2%
LB2Leo Sanford
2%
C1Phil Dougerty
2%

Score Distribution

Percentile by Number Answered

Percent of People with Each Score

Your Score History

You have not taken this quiz since the last reset